Schmetterlinge die bezaubernde, farbenfrohe Welt der Tag- und Nachtfalter Formenreichtum, Verhalten, Lebensgewohnheiten

Bibliographic Details
Main Author: Whalley, Paul (Author)
Other Authors: Keates, Colin (Photographer), Taylor, Kim, 1933- (Photographer), King, Dave (Photographer)
Format: Book
Language:German
PhysicalDescription:64 s. 29 cm
Published: Hildesheim Gerstenberg 1998
ISBN:3806744912
Series:Sehen. Staunen. Wissen
Subjects:

MARC

LEADER 00000nam a2200000 a 4500
001 vtls001331655
003 SK-MaSNL
005 20260301200440.0
008 251113s1998 DE a ger
020 |a 3806744912  |c b.c. 
035 |a SNK000284540 
035 |a urn:nbn:sk:snk-amye8v 
035 |a urn:nbn:sk:snk-am00cevr 
035 |a 7016B4EE-3892-4712-8489-15CF52F026B5 
040 |a SNK  |b slo  |c SNK  |e AACR2 
041 0 |a ger 
044 |a DE 
080 |a 595.78(084.12)  |2 1981 
100 1 |a Whalley, Paul  |4 aut  |9 462303 
245 1 0 |a Schmetterlinge  |b die bezaubernde, farbenfrohe Welt der Tag- und Nachtfalter Formenreichtum, Verhalten, Lebensgewohnheiten  |c Text von Paul Whalley ; [Fotografie: Colin Keates, Kim Taylor, Dave King ; aus dem Englischen übersetzt und bearbeitet von Margot Wilhelmi 
260 |a Hildesheim  |b Gerstenberg  |c 1998  |e [Martin  |f Neografia] 
300 |a 64 s.  |c 29 cm 
490 1 |a Sehen. Staunen. Wissen 
650 0 7 |a motýle  |2 SNKPH  |9 30304 
655 7 |a publikácie pre deti  |2 SNKPH  |9 70148 
655 7 |a ilustrované publikácie  |2 SNKPH  |9 109406 
700 1 |a Keates, Colin  |4 pht  |9 347646 
700 1 |a Taylor, Kim,  |d 1933-  |4 pht  |9 60738 
700 1 |a King, Dave  |4 pht  |9 44796 
830 0 |a Sehen. Staunen. Wissen  |9 521474 
919 |a 3-8067-4491-2 
999 |c 890536  |d 892466 
952 |t P60, <03>, [BOOK], {603}  |a SNK  |b SNK  |y PREZ  |7 0  |p 17A0140955  |o snkSB 58850  |i snkKSP 5353/98  |0 0  |1 0  |4 0  |d 1998-05-20  |f 1  |l 0  |r 2017-06-30 00:00:00  |w 2026-02-24